000 00568nam a2200193 i 4500
001 94221
003 ES-MaACL
005 20230906181429.0
007 t|
008 050720s1906 fr ||||1| fre d
100 1 _aDurel, Petrus.
_946286
245 1 0 _aLeo Claretie /
_cpar Petrus Durel.
260 _aParis :
_bE. Sansot,
_c1906.
300 _a68 p., 1 h. de lám. ;
_c18 cm.
490 1 _aLes célébrités d'aujourd'hui
830 0 _aLes célébrités d'aujourd'hui
_9180788
852 _aES-MaACL
_jD-756(2)
_q. - Encuad. con otras obras
999 _c94221
_d94221